[Event "CZE-chT U18 0506"]
[Site "Czech Republic"]
[Date "2006.01.29"]
[Round "7"]
[White "Barannikov, Jaroslav"]
[Black "Miturova, Magdalena"]
[Result "1-0"]
[WhiteElo "1620"]
[BlackElo "1544"]
[PlyCount "89"]
[EventDate "2005.10.08"]
[EventType "team"]
[EventRounds "11"]
[EventCountry "CZE"]
[SourceTitle "EXT 2009"]
[Source "ChessBase"]
[SourceDate "2008.11.26"]
[SourceVersion "1"]
[SourceVersionDate "2008.11.26"]
[SourceQuality "1"]
[WhiteTeam "Most"]
[BlackTeam "Frydek Mistek II"]
[WhiteTeamCountry "CZE"]
[BlackTeamCountry "CZE"]

1. e4 e5 2. d4 exd4 3. Qxd4 Nc6 4. Qe3 Nf6 5. Nc3 d6 6. Bd2 Be7 7. 0-0-0 Be6 8. Nf3 0-0 9. h4 a6 10. Bd3 Nb4 11. Ng5 Nxd3+ 12. Qxd3 b5 13. Nd5 Ng4 14. Qg3 Nf6 15. Bc3 g6 16. Kb1 Bxd5 17. exd5 Nh5 18. Qg4 Bf6 19. Qf3 Bxc3 20. Qxc3 Ng7 21. g4 h5 22. f3 Qd7 23. Qd4 Rac8 24. Qf4 c5 25. dxc6 Qxc6 26. Qe4 Qxe4 27. Nxe4 hxg4 28. fxg4 f5 29. gxf5 Nxf5 30. Nxd6 Rcd8 31. Nxf5 Rxd1+ 32. Rxd1 Rxf5 33. b3 Kf7 34. Kb2 Ke6 35. Rg1 Kf6 36. Rg4 Rh5 37. a4 Rc5 38. axb5 axb5 39. c3 Rf5 40. Ka3 Rh5 41. Kb4 Rf5 42. c4 bxc4 43. bxc4 Kg7 44. Re4 Rh5 45. c5 1-0

[Event "CZE-chT U18 0506"]
[Site "Czech Republic"]
[Date "2006.01.28"]
[Round "7.5"]
[White "Nemec, Vaclav"]
[Black "Barannikov, Jaroslav"]
[Result "1-0"]
[WhiteElo "1679"]
[BlackElo "1620"]
[PlyCount "53"]
[EventDate "2005.10.08"]
[EventType "team"]
[EventRounds "11"]
[EventCountry "CZE"]
[SourceTitle "EXT 2009"]
[Source "ChessBase"]
[SourceDate "2008.11.26"]
[SourceVersion "1"]
[SourceVersionDate "2008.11.26"]
[SourceQuality "1"]
[WhiteTeam "Praha Oaza"]
[BlackTeam "Most"]
[WhiteTeamCountry "CZE"]
[BlackTeamCountry "CZE"]

1. e4 e5 2. Nc3 Nf6 3. f4 d5 4. fxe5 Nxe4 5. d3 Nxc3 6. bxc3 d4 7. Nf3 Nc6 8. Be2 Bc5 9. c4 0-0 10. 0-0 Re8 11. Bf4 Ne7 12. Bg5 h6 13. Bh4 Qd7 14. Bxe7 Bxe7 15. Qe1 c5 16. Qg3 Rf8 17. Nd2 b6 18. Bf3 Rb8 19. e6 Qd6 20. exf7+ Kh8 21. Qxd6 Bxd6 22. Bd5 Bb7 23. Ne4 Bxd5 24. cxd5 Rbd8 25. Rae1 Kh7 26. Nxd6 Rxd6 27. Re8 1-0

[Event "CZE-chT U18 0506"]
[Site "Czech Republic"]
[Date "2005.11.04"]
[Round "3.5"]
[White "Barannikov, Jaroslav"]
[Black "Reichel, Tomas"]
[Result "1-0"]
[WhiteElo "1620"]
[BlackElo "1650"]
[PlyCount "67"]
[EventDate "2005.10.08"]
[EventType "team"]
[EventRounds "11"]
[EventCountry "CZE"]
[SourceTitle "EXT 2009"]
[Source "ChessBase"]
[SourceDate "2008.11.26"]
[SourceVersion "1"]
[SourceVersionDate "2008.11.26"]
[SourceQuality "1"]
[WhiteTeam "Most"]
[BlackTeam "Havlickuv Brod"]
[WhiteTeamCountry "CZE"]
[BlackTeamCountry "CZE"]

1. e4 e5 2. d4 exd4 3. Qxd4 Nc6 4. Qe3 d6 5. Bd2 Nf6 6. Nc3 g6 7. 0-0-0 Bg7 8. f3 0-0 9. g4 Re8 10. Qf2 Be6 11. h4 a6 12. h5 Nxg4 13. fxg4 Bxg4 14. hxg6 fxg6 15. Bc4+ Kh8 16. Qh2 h5 17. Nge2 Bf3 18. Rhg1 Bxe4 19. Nxe4 Rxe4 20. Rxg6 Qh4 21. Qg2 Rxc4 22. Rxg7 Rg4 23. Rxg4 Qxg4 24. Bc3+ Kh7 25. Qf2 Qg5+ 26. Qf4 Qe7 27. Qf5+ Kh6 28. Bd2+ Kg7 29. Rg1+ Kh8 30. Qxh5+ Qh7 31. Bc3+ Ne5 32. Bxe5+ dxe5 33. Qxe5+ Qg7 34. Qxg7# 1-0